| 000 | 00657nam a22001937a 4500 | ||
|---|---|---|---|
| 999 |
_c166450 _d166450 |
||
| 010 | _aENG-126061 | ||
| 020 |
_a978-93-8546-286-3 _c1195.00(hb) |
||
| 035 | _aEN-109593 | ||
| 037 | _bDBAD/PUB | ||
| 082 | _a624.18340954 | ||
| 100 | _aNayak,Narayan.V | ||
| 245 |
_aConcrete Sustainability/ _cedited by Narayan V. Nayak and Anand Kumar Jain |
||
| 260 |
_aNew delhi _bAne Books Pvt.Ltd. |
||
| 270 | _a4821,Parwana Bhawan,1st Floor24 Ansari Road, Darya Ganj | ||
| 300 |
_a226p. _b24cm(hb) |
||
| 500 | _aits includes index and bibliography | ||
| 700 | _a Narayan V. Nayak and Anand Kumar Jain | ||
| 942 |
_2ddc _cEN _h624.18340954 _mNAY |
||